000
00265pam a2200121 a 4500
020
_c
041
_a
eng
100
_a
Dutt Indu.
245
_a
A Tagore Testamant
_h
Textual Documents
260
_a
Mumbai
_b
JAICO PUBLICATION
_c
1989
300
_a
114p.
930
_a
15574
999
_c
92474
_d
92474